Derechos de los pueblos indígenas. ¿Utopías constitucionales frente a la globalización ? /
Desde hace algunas décadas se han venido reconiciendo, desde la perspectiva jurídica, la condición de persona a los pueblos indígenas latinoamericanos, asimismo como sus derechos a participar con voz propia en el escenario político de sus correspondientes estados nacionales, y a ejercer el control s...
Guardat en:
| Autor principal: | |
|---|---|
| Format: | Text |
| Matèries: | |
| Etiquetes: |
Afegir etiqueta
Sense etiquetes, Sigues el primer a etiquetar aquest registre!
|
MARC
| LEADER | 00000 a a2200000 04500 | ||
|---|---|---|---|
| 001 | 7300 | ||
| 003 | |||
| 040 | |||
| 100 | |a Mora Queipo, Ernesto | ||
| 245 | |a Derechos de los pueblos indígenas. ¿Utopías constitucionales frente a la globalización ? / |c Ernesto Mora Queipo | ||
| 520 | |a Desde hace algunas décadas se han venido reconiciendo, desde la perspectiva jurídica, la condición de persona a los pueblos indígenas latinoamericanos, asimismo como sus derechos a participar con voz propia en el escenario político de sus correspondientes estados nacionales, y a ejercer el control sobre su cultura. La defensa de estos derechos constitucionales ha generado fuertes tensiones |a los Estados de los países latinoamericanos enfrentan la necesidad de explotar todos los recursos materiales y humanos (indígenas o no) con que cuentan sus países, a fin de insertarse de manera competitiva en el nuevo ordenamiento internacional de los mercadeos globalizados. A patir de la experiencia venezolana se analiza: 1. La imposibilidad del Estado para garantizar el control de sus mecanismos etnocidas. 2. Cómo el derecho a la voz que sanciona en el ámbito práctico la condición de persona le ha sido negada al indígena, convirtiéndose en un personaje mudo, propio del drama y la pantomima. 3. Qué posibilidades tienen los indígenas de conquistar su derecho a su voz en el escenario político nacional e internacional | ||
| 650 | |a MINORIAS ETNICAS | ||
| 650 | |a AMERINDIOS | ||
| 650 | |a YANOMAMI | ||
| 650 | |a GENOCIDIO | ||
| 650 | |a ACULTURACION | ||
| 650 | |a DISCRIMINACION RACIAL | ||
| 650 | |a GLOBALIZACION | ||
| 650 | |a DERECHOS CIVILES | ||
| 773 | |g volumen 10, número 3; páginas 431-454 | ||
| 999 | |c 32645 |d 32645 | ||
